| 000 | 01207cad a22002415a 4500 | ||
|---|---|---|---|
| 001 | L142936 | ||
| 008 | 080319s2008 xxk f s 000 0 eng d | ||
| 035 | _a(Sirsi) u142936 | ||
| 041 | 0 | _aeng | |
| 050 | 0 | 4 | _a333.73 $2 18 |
| 110 | 2 |
_aEnglish Partnerships _91764 |
|
| 245 | 0 | 0 |
_aContamination and dereliction remediation costs _b |
| 250 | _aRev. ed. | ||
| 260 |
_aLondon _bEnglish Partnerships _c2008 |
||
| 490 | 0 |
_aBest Practice Note _v(27) revised February 2008 |
|
| 520 | _aProvides guidance on assessing the costs associated with the remediation of contaminated or derelict land. Includes benchmark unit costs and guidance on their use, as well as a regional variation table. Summarises UK policy and regulation. Provides cost models for assessing previously developed land which is affected by contamination or dereliction. Also offers advice on due diligence for site investigations. | ||
| 521 | 2 | _aAdvanced | |
| 590 | _aKA | ||
| 651 | 4 |
_aUnited Kingdom _y |
|
| 690 | _aPROPERTY-RURAL AND NATURAL ASSETS-LAND-CONTAMINATED LAND | ||
| 856 | 4 | 0 |
_uhttps://www.englishpartnerships.co.uk/publications.htm#contamination _zView the item free of charge at www.englishpartnerships.co.uk... |
| 942 | _n0 | ||
| 999 |
_c108021 _d108021 |
||